Catálogo
 En Linea

Prepara : (Registro nro. 51334)

Detalles MARC
000 -CABECERA
campo de control de longitud fija 00771nam a22002537a 4500
001 - NÚMERO DE CONTROL
campo de control 000047465
003 - IDENTIFICADOR DEL NÚMERO DE CONTROL
campo de control DO-SdBNP
005 - FECHA Y HORA DE LA ÚLTIMA TRANSACCIÓN
campo de control 20240305073651.0
008 - DATOS DE LONGITUD FIJA--INFORMACIÓN GENERAL
campo de control de longitud fija 081204s2002 dr abc 000 0 spa d
020 ## - NÚMERO INTERNACIONAL ESTÁNDAR DEL LIBRO
Número Internacional Estándar del Libro 9993487597
040 ## - FUENTE DE LA CATALOGACIÓN
Centro catalogador/agencia de origen DO-SdBNP
Lengua de catalogación spa
Centro/agencia transcriptor BNPHU
082 ## - NÚMERO DE LA CLASIFICACIÓN DECIMAL DEWEY
Número de clasificación 374.1
Número de documento/Ítem P927ed, 2002
245 00 - MENCIÓN DE TÍTULO
Título Prepara :
Resto del título modulo 01 del 1ero de bachillerato , educación de adultos.
260 ## - PUBLICACIÓN, DISTRIBUCIÓN, ETC.
Lugar de publicación, distribución, etc. Santo Domingo :
Nombre del editor, distribuidor, etc. Santillana,
Fecha de publicación, distribución, etc. 2002.
300 ## - DESCRIPCIÓN FÍSICA
Extensión 143 p. :
Otras características físicas il., map., retrs. ;
Dimensiones 28 cm.
490 1# - MENCIÓN DE SERIE
Mención de serie Santillana adultos ;
590 ## - NOTA LOCAL (RLIN)
Nota local Inventariado, 2022 / DG
650 #4 - PUNTO DE ACCESO ADICIONAL DE MATERIA--TÉRMINO DE MATERIA
Término de materia o nombre geográfico como elemento de entrada Educación de adultos
9 (RLIN) 1419
650 #4 - PUNTO DE ACCESO ADICIONAL DE MATERIA--TÉRMINO DE MATERIA
Término de materia o nombre geográfico como elemento de entrada Español
Subdivisión general Enseñanza
9 (RLIN) 406
700 1# - PUNTO DE ACCESO ADICIONAL--NOMBRE DE PERSONA
Nombre de persona García Cartagena, Manuel
9 (RLIN) 12067
830 #0 - PUNTO DE ACCESO ADICIONAL DE SERIE-TÍTULO UNIFORME
Título uniforme Santillana adultos
9 (RLIN) 1481
910 ## - DATOS DE OPCIÓN DEL USUARIO (OCLC)
Datos de opción del usuario DG
942 ## - ELEMENTOS DE PUNTO DE ACCESO ADICIONAL (KOHA)
Fuente del sistema de clasificación o colocación Dewey Decimal Classification
Tipo de ítem Koha Libro
Existencias
Estado de retiro Estado de pérdida Fuente del sistema de clasificación o colocación Restricciones de uso No para préstamo Código de colección Localización permanente Ubicación/localización actual Ubicación en estantería Total de préstamos Signatura topográfica completa Código de barras Fecha visto por última vez Precio válido a partir de Tipo de ítem Koha
    Dewey Decimal Classification Excluido de préstamo   Monografías: Libros y Folletos Biblioteca Nacional Pedro Henríquez Ureña Patrimonio Dominicano En catalogación   BNPHU PD 374.1 P927ed, 2002 2022-0573 04.02.2022 04.02.2022 Libro

Con tecnología Koha